• 首页
  • 本馆介绍
  • 公告通知
  • 最新文献
  • 馆藏检索
  • 电子资源
  • 读者导购
  • 参考咨询
  • 我的图书馆
  • 登录
  • 详细信息显示
  • 放入我的书架
  • 预约/预借图书
  • 作者相关作品
  • 分类相关作品
  • 丛书相关作品
  • 出版社相关作品

书目信息

  • 表格格式
  • 工作单格式
  • 卡片格式
题名:
研究是一门艺术
    
 
作者: 布斯 , 卡洛姆 , 威廉姆斯 著 ;陈美霞 , 徐毕卿 , 许甘霖 译
分册:  
出版信息: 北京   新华出版社  2009
页数: 284页
开本: 23cm
丛书名:
单 册:
中图分类: G304
科图分类:
主题词: 科学方法论
电子资源:
ISBN: 978-7-5011-8904-5
000 01343nam0 2200325 450
001 100428642653
005 20110224091425.82
010    @a978-7-5011-8904-5@dCNY39.00
035    @a004298929
100    @a20091028d2009 em y0chiy0110 ea
101 1  @achi@ceng
102    @aCN@b110000
105    @ay z 000yy
106    @ar
200 1  @a研究是一门艺术@9yan jiu shi yi men yi shu@dThe craft of research@f(美)韦恩·C. 布斯(Wayne C. Booth),(美)格雷戈里·G. 卡洛姆(Gregory G. Colomb),(美)约瑟夫·M. 威廉姆斯(Joseph M. Williams)著@g陈美霞,徐毕卿,许甘霖译@zeng
210    @a北京@c新华出版社@d2009
215    @a284页@d23cm
300    @a新华博识文库
330    @a本书介绍了一种环形研究过程:思考-写作-修订-重新思考,并提出了在寻找话题、制定计划、收集资料、组织论据、起草初稿、修改润色等各个环节中贯彻以读者为中心原则的具体方法。
510 1  @aCraft of research@zeng
606 0  @a科学方法论
690    @aG304@v4
701  0 @c(美)@a布斯@9bu si@c(Booth, Wayne C.@f1921~2005)@4著
701  0 @c(美)@a卡洛姆@9ka luo mu@c(Colomb, Gregory G.)@4著
701  0 @c(美)@a威廉姆斯@9wei lian mu si@c(Williams, Joseph M.)@4著
702  0 @a陈美霞@9chen mei xia@c(女,@f1935.11~)@4译
702  0 @a徐毕卿@9xu bi qing@4译
702  0 @a许甘霖@9xu gan lin@4译
801  0 @aCN@bNLC@c20110224
905    @b205992149-176@h599214-17@dG304@e163@f4
    
    研究是一门艺术=The craft of research/(美)韦恩·C. 布斯(Wayne C. Booth),(美)格雷戈里·G. 卡洛姆(Gregory G. Colomb),(美)约瑟夫·M. 威廉姆斯(Joseph M. Williams)著/陈美霞,徐毕卿,许甘霖译.-北京:新华出版社,2009
    284页;23cm
    新华博识文库
    
    ISBN 978-7-5011-8904-5:CNY39.00
    本书介绍了一种环形研究过程:思考-写作-修订-重新思考,并提出了在寻找话题、制定计划、收集资料、组织论据、起草初稿、修改润色等各个环节中贯彻以读者为中心原则的具体方法。
●
相关链接 在E读中查询图书 在五车中查询图书 在当当中查询图书 在豆瓣中查询图书


正题名:研究是一门艺术     索取号:G304/163         预约/预借

序号 登录号 条形码 馆藏地/架位号 状态 备注
1 599214   205992149   第一样本阅览室/ [索取号:G304/163] 在馆    
2 599215   205992158   第四借阅区/ [索取号:G304/163] 在馆    
3 599216   205992167   第四借阅区/ [索取号:G304/163] 在馆    
4 599217   205992176   第四借阅区/ [索取号:G304/163] 在馆    
唐山师范学院图书馆 欢迎您!
大连网信软件有限公司© 版权所有